study on period of semen conserv ation by different raising solution in cpraks at samroang torng district, dampong speu province (សិក្សាពីរយះពេលរក្សាទឹកកាមជ្រូក ដោយល្បាយចិញ្ចឹមផ្សេងគ្នា នៅកសិដ្ឋានសមាគមអ្នកចិញ្ចឹមជ្រូក ស្រុកសំរោងទង ខេត្តកំពង់ស្ពឺ) (Record no. 2723)

000 -LEADER
fixed length control field 00824nam a22001337a 4500
040 ## - CATALOGING SOURCE
Transcribing agency RUA
082 ## - DEWEY DECIMAL CLASSIFICATION NUMBER
Classification number AVM HEA 2012 B103 Or.1
100 ## - MAIN ENTRY--AUTHOR NAME
Personal name HEANG, PISETH.
245 ## - TITLE STATEMENT
Title study on period of semen conserv ation by different raising solution in cpraks at samroang torng district, dampong speu province (សិក្សាពីរយះពេលរក្សាទឹកកាមជ្រូក ដោយល្បាយចិញ្ចឹមផ្សេងគ្នា នៅកសិដ្ឋានសមាគមអ្នកចិញ្ចឹមជ្រូក ស្រុកសំរោងទង ខេត្តកំពង់ស្ពឺ)
260 ## - PUBLICATION, DISTRIBUTION, ETC. (IMPRINT)
Place of publication Phnom Penh
Name of publisher RUA
Year of publication 2012
300 ## - PHYSICAL DESCRIPTION
Number of Pages xii, 58p.
Other physical details ill.
Dimensions 29cm.
856 ## - ELECTRONIC LOCATION AND ACCESS
Uniform Resource Identifier https://drive.google.com/file/d/1nGQvsA9B_EgT_w2QLdzfkujkWgNO6dc4/view?usp=sharing
942 ## - ADDED ENTRY ELEMENTS (KOHA)
Koha item type AVM
952 ## - LOCATION AND ITEM INFORMATION (KOHA)
Withdrawn status [LOCAL, KOHA] 0
952 ## - LOCATION AND ITEM INFORMATION (KOHA)
Withdrawn status [LOCAL, KOHA] 0
952 ## - LOCATION AND ITEM INFORMATION (KOHA)
Withdrawn status [LOCAL, KOHA] 0
952 ## - LOCATION AND ITEM INFORMATION (KOHA)
Withdrawn status [LOCAL, KOHA] 0
952 ## - LOCATION AND ITEM INFORMATION (KOHA)
Withdrawn status [LOCAL, KOHA] 0
952 ## - LOCATION AND ITEM INFORMATION (KOHA)
Withdrawn status [LOCAL, KOHA] 0
952 ## - LOCATION AND ITEM INFORMATION (KOHA)
Withdrawn status [LOCAL, KOHA] 0
952 ## - LOCATION AND ITEM INFORMATION (KOHA)
Withdrawn status [LOCAL, KOHA] 0
Holdings
Permanent Location Date acquired Koha item type Lost status Shelving location Barcode Current Location Full call number
Library Block A2017-08-31AVM  A26153Library Block AAVM HEA 2012 B103 Or.8
Library Block B2015-10-26AVM B103RUA015129Library Block BAVM HEA 2012 B103 Or.1
Library Block B2015-10-26AVM B103RUA015057Library Block BAVM HEA 2012 B103 Or.2
Library Block B2015-10-26AVM B103RUA018465Library Block BAVM HEA 2012 B103 Or.3
Library Block B2015-10-26AVM B103RUA018249Library Block BAVM HEA 2012 B103 Or.4
Library Block B2015-10-26AVM B103RUA019230Library Block BAVM HEA 2012 B103 Or.5
Library Block B2015-10-26AVM B103RUA019158Library Block BAVM HEA 2012 B103 Or.6
Library Block B2015-10-26AVM B103RUA019356Library Block BAVM HEA 2012 B103 Or.7
មជ្ឈមណ្ឌលឯការនៃសាកលវិទ្យាល័យភូមិន្ទកសិកម្មចំការដូង

Powered by Koha